[Event "III Weekend Accademia"]
[Site "Roma ITA"]
[Date "1998.??.??"]
[Round "6"]
[White "De Vita, Gianni"]
[Black "Cattarinich, Benedetto"]
[Result "1-0"]
[WhiteElo "2160"]
[BlackElo "1702"]
[PlyCount "29"]
[EventDate "1998.??.??"]

1. e4 c5 2. c3 b6 3. d4 Bb7 4. Bd3 Nf6 5. Qe2 e6 6. Nf3 cxd4 7. cxd4 Nc6 8. Nc3
Be7 9. e5 Nd5 10. Nxd5 exd5 11. O-O O-O 12. a3 d6 13. e6 fxe6 14. Qxe6+ Kh8 15.
Qh3 1-0

[Event "III Weekend Accademia"]
[Site "Roma ITA"]
[Date "1998.??.??"]
[Round "6"]
[White "De Vita, Igor"]
[Black "Marzano, Carlo"]
[Result "0-1"]
[WhiteElo "2125"]
[BlackElo "2185"]
[PlyCount "120"]
[EventDate "1998.??.??"]

1. e4 g6 2. d4 c6 3. Nf3 d5 4. Nbd2 Bg7 5. c3 Nh6 6. Bd3 O-O 7. O-O f6 8. Re1
Nf7 9. c4 e6 10. Nb1 dxe4 11. Bxe4 e5 12. dxe5 Qxd1 13. Rxd1 f5 14. Bc2 Nxe5
15. Nxe5 Bxe5 16. Re1 Bf6 17. Nc3 Kf7 18. Na4 Na6 19. Bb3 Be6 20. Bf4 Rfe8 21.
Rad1 Rad8 22. Bd6 Kg7 23. f4 Bf7 24. Rxe8 Rxe8 25. Kf2 Bh4+ 26. g3 Bf6 27. Nc3
Be6 28. Ba3 Rd8 29. Rxd8 Bxd8 30. Na4 Kf7 31. Ke2 Ba5 32. Nc5 Nxc5 33. Bxc5 a6
34. Kd3 b5 35. a3 Be1 36. Bg1 h5 37. Kd4 h4 38. gxh4 Bxh4 39. Kc5 bxc4 40. Bxc4
Be7+ 41. Kd4 Bf6+ 42. Kc5 Bxc4 43. Kxc4 Bxb2 44. a4 Ba3 45. Bc5 Bc1 46. Bd6 Ke6
47. Bb8 Ba3 48. Ba7 Bc1 49. Bb8 Be3 50. Bc7 Bg1 51. h3 Kd7 52. Be5 Bh2 53. Kd4
Ke6 54. Kc5 g5 55. Kxc6 gxf4 56. Bd4 f3 57. Kb6 Bg3 58. Kxa6 Kd5 59. Bb6 Kc6
60. Ka5 Bc7 0-1

[Event "III Weekend Accademia"]
[Site "Roma ITA"]
[Date "1998.??.??"]
[Round "6"]
[White "Farina, Saverio"]
[Black "Sibilio, Mario"]
[Result "0-1"]
[WhiteElo "2200"]
[BlackElo "2330"]
[PlyCount "86"]
[EventDate "1998.??.??"]

1. d4 g6 2. c4 Bg7 3. Nc3 d6 4. e4 c6 5. Nge2 Nd7 6. Ng3 Qb6 7. Be3 h5 8. Be2
Bh6 9. Rb1 Bxe3 10. fxe3 h4 11. Nf1 Qa5 12. Nd2 Qg5 13. Nf3 Qxe3 14. Qd2 Qxd2+
15. Kxd2 h3 16. g4 e5 17. d5 f6 18. g5 a5 19. a3 f5 20. b4 Ne7 21. c5 axb4 22.
axb4 dxc5 23. bxc5 fxe4 24. dxc6 Nxc5 25. Nxe5 bxc6 26. Bc4 Rf8 27. Rhf1 Rf5
28. Nf7 Rxf1 29. Rxf1 Bf5 30. Re1 Kd7 31. Ne5+ Kd6 32. Nf7+ Kc7 33. Rc1 Ra5 34.
Ke3 Nd3 35. Bxd3 exd3 36. Nh6 Nd5+ 37. Kd2 Nxc3 38. Rxc3 Ra2+ 39. Kd1 Be4 40.
Ke1 Re2+ 41. Kd1 Rxh2 42. Ke1 Re2+ 43. Kd1 h2 0-1

[Event "III Weekend Accademia"]
[Site "Roma ITA"]
[Date "1998.??.??"]
[Round "6"]
[White "Gardon, Ermanno"]
[Black "Verrascina, Nicola"]
[Result "0-1"]
[WhiteElo "1818"]
[BlackElo "2145"]
[PlyCount "54"]
[EventDate "1998.??.??"]

1. e4 Nc6 2. d4 e5 3. dxe5 Nxe5 4. Nf3 Nxf3+ 5. Qxf3 d6 6. Bc4 Nf6 7. Nc3 Be7
8. Bf4 c6 9. h3 O-O 10. O-O Qc7 11. Rfe1 Nd7 12. Bb3 Ne5 13. Qe3 b5 14. Rad1 a5
15. a3 Rb8 16. Qg3 Ba6 17. Ne2 a4 18. Ba2 b4 19. Nd4 Bc8 20. Nf5 Bxf5 21. exf5
Bf6 22. Rxd6 Qxd6 23. Rxe5 Qd1+ 24. Kh2 bxa3 25. Qxa3 Qd4 26. Qg3 Rxb2 27. c3
Qxf2 0-1

[Event "III Weekend Accademia"]
[Site "Roma ITA"]
[Date "1998.??.??"]
[Round "6"]
[White "Guarnieri, Giuseppe"]
[Black "Quimi, Marco"]
[Result "1-0"]
[WhiteElo "1879"]
[BlackElo "2225"]
[PlyCount "113"]
[EventDate "1998.??.??"]

1. e4 c5 2. Nc3 Nc6 3. Nf3 g6 4. g3 Bg7 5. Bg2 e6 6. O-O Nge7 7. d3 O-O 8. Be3
b6 9. Rb1 Bb7 10. Nd2 d6 11. Ne2 a5 12. f4 f5 13. Re1 Qc7 14. a4 Rae8 15. Nf3
d5 16. e5 d4 17. Bf2 Nd5 18. Nd2 g5 19. Nc4 gxf4 20. gxf4 Bh6 21. Bxd5 exd5 22.
Nd6 Re7 23. Bg3 Kh8 24. Kf2 Nd8 25. Ng1 Ne6 26. Nh3 Ng7 27. Bh4 Re6 28. Qf3 Rg6
29. Rg1 c4 30. Rxg6 hxg6 31. Rg1 cxd3 32. Qxd3 Kh7 33. Bg5 Nh5 34. Kf3 Bc6 35.
b3 Bd7 36. Bxh6 Kxh6 37. Ng5 Kg7 38. Rg2 Rh8 39. Qxd4 Qc5 40. Rd2 Kg8 41. Ndf7
Ng7 42. Nxh8 Kxh8 43. Ke3 Bc6 44. c3 Kg8 45. b4 axb4 46. Qxc5 bxc5 47. cxb4
cxb4 48. a5 b3 49. Kd4 Ne8 50. Kc5 Ba4 51. a6 Nc7 52. a7 Na8 53. Kxd5 Kf8 54.
Kc5 Ke7 55. Kb4 Bc6 56. Kxb3 Nb6 57. Rd6 1-0

[Event "III Weekend Accademia"]
[Site "Roma ITA"]
[Date "1998.??.??"]
[Round "6"]
[White "Iatrino, Vincenzo"]
[Black "Giorni, Moreno"]
[Result "1-0"]
[WhiteElo "1740"]
[BlackElo "1900"]
[PlyCount "109"]
[EventDate "1998.??.??"]

1. e4 Nf6 2. e5 Nd5 3. d4 d6 4. c4 Nb6 5. Nf3 Bg4 6. Be2 c6 7. Qc2 Bxf3 8. Bxf3
dxe5 9. dxe5 Qd4 10. O-O Qxe5 11. Be3 N8d7 12. Nd2 e6 13. Rfe1 Qc7 14. Bd4
O-O-O 15. a4 Kb8 16. a5 Nc8 17. a6 b6 18. Qc3 e5 19. Be3 Bc5 20. b4 Bxe3 21.
Qxe3 f5 22. Bd1 Rhe8 23. Ba4 Nf6 24. Ra2 Rd4 25. Qc3 Rdd8 26. Rb2 Re7 27. Qf3
Red7 28. Nb3 Ne7 29. Na5 e4 30. Qe2 Ng4 31. g3 Ne5 32. Reb1 Nf3+ 33. Kg2 Rd2
34. Rxd2 Rxd2 35. Qe3 Rd3 36. Qc1 Nd4 37. Qg5 Qe5 38. Qh5 Ng6 39. Qxh7 Qf6 40.
Qg8+ Nf8 41. Nxc6+ Nxc6 42. Bxc6 Kc7 43. Bd5 Rd2 44. Re1 g5 45. Kg1 Kd6 46. c5+
bxc5 47. bxc5+ Kxc5 48. Rc1+ Kb5 49. Bc4+ Kb4 50. Ba2 Rb2 51. Qc4+ Ka5 52. Bb3
Rd2 53. Qa4+ Kb6 54. Rb1 Kc7 55. Qa5+ 1-0

[Event "III Weekend Accademia"]
[Site "Roma ITA"]
[Date "1998.??.??"]
[Round "6"]
[White "Marta, Daniele"]
[Black "Chiaretti, Roberto"]
[Result "0-1"]
[WhiteElo "1888"]
[BlackElo "2180"]
[PlyCount "70"]
[EventDate "1998.??.??"]

1. d4 Nf6 2. Nf3 d5 3. c4 e6 4. Nc3 Bb4 5. Qc2 c5 6. e3 Nc6 7. a3 Bxc3+ 8. bxc3
O-O 9. Bd3 dxc4 10. Bxc4 cxd4 11. cxd4 Bd7 12. O-O Rc8 13. Qe2 Na5 14. Bd3 Bc6
15. Bd2 Nb3 16. Rab1 Nxd2 17. Nxd2 Qd5 18. f4 Rfd8 19. Rbc1 Qa5 20. Nc4 Qa4 21.
Bc2 Qa6 22. Bd3 Be4 23. Ne5 Bxd3 24. Qxd3 Qxd3 25. Nxd3 Kf8 26. Nc5 b6 27. Nd3
Ng4 28. Rfe1 Rxc1 29. Nxc1 Rc8 30. h3 Nxe3 31. Rxe3 Rxc1+ 32. Kf2 Rd1 33. Rc3
Rxd4 34. Rc7 Rxf4+ 35. Ke3 Ra4 0-1

[Event "III Weekend Accademia"]
[Site "Roma ITA"]
[Date "1998.??.??"]
[Round "6"]
[White "Palamides, Carmine"]
[Black "De Blasio, Alessandro"]
[Result "1-0"]
[WhiteElo "1800"]
[BlackElo "1714"]
[PlyCount "103"]
[EventDate "1998.??.??"]

1. Nf3 d5 2. b4 e6 3. Bb2 Nf6 4. a3 c5 5. bxc5 Bxc5 6. e3 O-O 7. Bd3 Nbd7 8.
Nc3 b6 9. Ne2 Be7 10. Ng3 Nc5 11. Be2 Na4 12. Bd4 Bc5 13. c4 Bxd4 14. Nxd4 Bd7
15. cxd5 Nxd5 16. O-O Rc8 17. Ba6 Rc7 18. f4 Nc5 19. Bb5 Bxb5 20. Nxb5 Rd7 21.
Nd4 Nd3 22. Qe2 N5xf4 23. Qg4 Rxd4 24. exf4 Ra4 25. Kh1 Qd4 26. Rab1 Nf2+ 27.
Rxf2 Qxf2 28. Nh5 Qd4 29. h4 g6 30. Rb5 Kh8 31. g3 gxh5 32. Rxh5 Qe4+ 33. Kh2
Rxa3 34. Qg5 Qg6 35. Qe5+ Qg7 36. Qe1 Rg8 37. Rg5 Qa1 38. Qe4 Rxg5 39. hxg5 Qb2
40. Kh3 Qg7 41. d3 Qg6 42. Qd4+ f6 43. Qd8+ Kg7 44. Qe7+ Qf7 45. gxf6+ Kg8 46.
Qxa3 Qxf6 47. Qxa7 Qf5+ 48. Kh4 b5 49. Qb8+ Kg7 50. Qc7+ Kh6 51. g4 Qxd3 52.
Qf7 1-0

[Event "III Weekend Accademia"]
[Site "Roma ITA"]
[Date "1998.??.??"]
[Round "6"]
[White "Passerotti, Pierluigi"]
[Black "Pezzaldi, Roberto"]
[Result "1-0"]
[WhiteElo "2305"]
[BlackElo "2095"]
[PlyCount "53"]
[EventDate "1998.??.??"]

1. d4 e6 2. Nf3 f5 3. g3 Nf6 4. Bg2 Be7 5. O-O O-O 6. c4 c6 7. b3 a5 8. Ne5 d5
9. Ba3 Nbd7 10. Nd3 Ne4 11. Qc1 Nd6 12. Nd2 Nf6 13. e3 Nfe4 14. Nf3 Nf7 15.
Bxe7 Qxe7 16. a4 Bd7 17. Qb2 dxc4 18. bxc4 c5 19. Nfe5 cxd4 20. exd4 Rfb8 21.
Rfe1 Nxe5 22. Nxe5 Nf6 23. Qb3 Qd8 24. d5 Ra6 25. Rad1 exd5 26. Bxd5+ Kf8 27.
Qa3+ 1-0

[Event "III Weekend Accademia"]
[Site "Roma ITA"]
[Date "1998.??.??"]
[Round "6"]
[White "Russi, Roberto"]
[Black "Occhipinti, Massimo"]
[Result "1-0"]
[WhiteElo "1780"]
[BlackElo "1704"]
[PlyCount "97"]
[EventDate "1998.??.??"]

1. c4 Nf6 2. Nc3 g6 3. g3 Bg7 4. Bg2 O-O 5. Nf3 d6 6. d4 Nbd7 7. e4 e5 8. O-O
Re8 9. h3 h6 10. b4 exd4 11. Nxd4 c5 12. bxc5 dxc5 13. Ndb5 a6 14. Nd6 Re6 15.
Rb1 Qc7 16. Nxc8 Rxc8 17. Nd5 Nxd5 18. cxd5 Rb6 19. Be3 Rxb1 20. Qxb1 b5 21. f4
c4 22. e5 Nc5 23. d6 Qd7 24. Kh2 h5 25. h4 Ne6 26. Qe4 Rd8 27. Rc1 Kh7 28. Qb7
f6 29. Qxd7 Rxd7 30. Bh3 fxe5 31. f5 gxf5 32. Bxf5+ Kh8 33. Rd1 Nf8 34. Bc5 Rd8
35. d7 Nxd7 36. Rxd7 Bf6 37. Rxd8+ Bxd8 38. Bc8 c3 39. Bxa6 c2 40. Be3 Bb6 41.
Bc1 e4 42. Bxb5 Kg7 43. Kg2 Kf6 44. Ba4 Ke5 45. Bxc2 Kf5 46. Bd1 Kg6 47. Kf1 e3
48. Ke2 Bc7 49. Kf3 1-0

[Event "III Weekend Accademia"]
[Site "Roma ITA"]
[Date "1998.??.??"]
[Round "6"]
[White "Scacco, Mauro"]
[Black "Mastroddi, Emiliano"]
[Result "1-0"]
[WhiteElo "2050"]
[BlackElo "1780"]
[PlyCount "63"]
[EventDate "1998.??.??"]

1. e4 c5 2. Nf3 d6 3. d4 cxd4 4. Nxd4 Nf6 5. Nc3 g6 6. Be2 Bg7 7. O-O O-O 8.
Nb3 Nc6 9. Be3 a6 10. f4 b5 11. Bf3 Bb7 12. Qd2 Rc8 13. Rad1 Na5 14. Nxa5 Qxa5
15. e5 b4 16. exf6 bxc3 17. bxc3 Bxf6 18. Bxb7 Rxc3 19. Bd5 e6 20. Bb3 d5 21.
Bd4 Bxd4+ 22. Qxd4 Rfc8 23. Rd3 R3c6 24. Qf6 Qb5 25. Rfd1 a5 26. a4 Qb6+ 27.
Qd4 Qc7 28. h4 Qe7 29. h5 f6 30. hxg6 hxg6 31. Rg3 Kg7 32. f5 1-0

[Event "III Weekend Accademia"]
[Site "Roma ITA"]
[Date "1998.??.??"]
[Round "6"]
[White "Scagliarini, Bruno"]
[Black "Simeone, Giulio"]
[Result "0-1"]
[WhiteElo "1758"]
[BlackElo "1717"]
[PlyCount "71"]
[EventDate "1998.??.??"]

1. c4 g6 2. Nc3 Bg7 3. g3 c5 4. Bg2 Nc6 5. a3 Nf6 6. Rb1 e6 7. b4 cxb4 8. axb4
d5 9. b5 Ne7 10. Nh3 dxc4 11. Qa4 Ned5 12. Ba3 Nxc3 13. dxc3 Nd5 14. O-O Nxc3
15. Qxc4 Nxb1 16. Rxb1 Bf6 17. Nf4 Be7 18. Bb2 O-O 19. Qc3 f6 20. h4 Qd6 21. h5
g5 22. Nd3 Bd7 23. Ba1 Rac8 24. Qb3 a6 25. Bh3 axb5 26. e3 Rc7 27. Bd4 Qc6 28.
h6 Qd5 29. Qd1 Bc6 30. Kh2 e5 31. Bb6 Rd7 32. Qb3 Qxb3 33. Rxb3 f5 34. Nxe5 Rd2
35. Nxc6 bxc6 36. Kg2 {...} 0-1

[Event "III Weekend Accademia"]
[Site "Roma ITA"]
[Date "1998.??.??"]
[Round "6"]
[White "Spaziani, Gianni"]
[Black "Barletta, Antonio"]
[Result "0-1"]
[WhiteElo "1689"]
[BlackElo "1866"]
[PlyCount "56"]
[EventDate "1998.??.??"]

1. d4 Nf6 2. c4 c5 3. e3 e6 4. Nc3 d5 5. Nf3 Nc6 6. Be2 cxd4 7. exd4 Be7 8. O-O
dxc4 9. Bxc4 O-O 10. Re1 a6 11. a4 Nb4 12. Bg5 b6 13. Qe2 Bb7 14. Rad1 Nfd5 15.
Nxd5 Bxd5 16. Bxd5 Nxd5 17. Bxe7 Qxe7 18. Rc1 h6 19. Rc4 Rfd8 20. Rec1 Qf6 21.
g3 b5 22. axb5 axb5 23. Rc5 b4 24. Ne5 Ra2 25. Qc2 Nc3 26. Nc6 Qf3 27. Rxc3
bxc3 28. Nxd8 Rxb2 0-1

[Event "III Weekend Accademia"]
[Site "Roma ITA"]
[Date "1998.??.??"]
[Round "6"]
[White "Teodorescu, Florin Cornel"]
[Black "Pagano, Sergio M."]
[Result "1/2-1/2"]
[WhiteElo "2235"]
[BlackElo "2200"]
[PlyCount "74"]
[EventDate "1998.??.??"]

1. d4 d6 2. g3 g6 3. Bg2 Bg7 4. e4 Nd7 5. Nc3 c6 6. a4 Ngf6 7. Nge2 e5 8. O-O
O-O 9. h3 Re8 10. d5 cxd5 11. exd5 Nb6 12. b3 Bf5 13. a5 Nc8 14. a6 b6 15. Na2
Qd7 16. g4 Be4 17. f3 Bxd5 18. g5 Nh5 19. Qxd5 Ne7 20. Qd1 Nf5 21. Nac3 Rac8
22. Ra4 b5 23. Rb4 Qc6 24. Kh2 Nf4 25. Bd2 Qxa6 26. Nxf4 exf4 27. Nxb5 Ne3 28.
Bxe3 fxe3 29. Qe2 Qa2 30. Rc4 Rxc4 31. Qxc4 d5 32. Qc6 Rb8 33. Nd6 Qb2 34. f4
e2 35. Re1 Qd4 36. Rxe2 Qxf4+ 37. Kh1 Qc1+ 1/2-1/2

[Event "III Weekend Accademia"]
[Site "Roma ITA"]
[Date "1998.??.??"]
[Round "6"]
[White "Tosoni, Augusto"]
[Black "Moroni, Marco"]
[Result "1-0"]
[WhiteElo "1948"]
[BlackElo "1731"]
[PlyCount "127"]
[EventDate "1998.??.??"]

1. e4 e5 2. f4 d5 3. exd5 e4 4. d3 Nf6 5. Nd2 exd3 6. Bxd3 Qxd5 7. Qe2+ Be7 8.
Bc4 Qh5 9. Qxh5 Nxh5 10. Ne2 Bf5 11. Nd4 Bd7 12. O-O O-O 13. N2f3 c5 14. Nb5
Nc6 15. Ne5 Nxe5 16. fxe5 Bg4 17. Nc7 Rac8 18. Nd5 Bd8 19. Ne3 Bd7 20. g4 b5
21. Bd5 c4 22. gxh5 Bb6 23. Rxf7 Rxf7 24. e6 Bxe6 25. Bxe6 Re8 26. Bxf7+ Kxf7
27. Kf2 Re5 28. Bd2 Rxh5 29. Rh1 Rf5+ 30. Ke2 Re5 31. Rf1+ Ke6 32. Rf3 a5 33.
Rh3 h5 34. Bc3 Rg5 35. Rg3 Rxg3 36. hxg3 g6 37. a3 Bc7 38. Kf3 a4 39. Ng2 g5
40. Bd2 g4+ 41. Kf2 Kd5 42. Nf4+ Ke4 43. Ne2 Kd5 44. Ke3 Bb6+ 45. Kf4 Bd8 46.
Kf5 h4 47. gxh4 Bxh4 48. Kxg4 Be7 49. Kf5 Bh4 50. Nc3+ Kc5 51. Be3+ Kc6 52. Ne2
Kd5 53. Nd4 c3 54. bxc3 Kc4 55. Ne2 Be7 56. Bc1 Bf8 57. Ke4 Bg7 58. Bb2 Bh8 59.
Nd4 Bf6 60. Nxb5 Bh4 61. Nd6+ Kc5 62. Nf5 Bf6 63. Kd3 Kc6 64. Kc4 1-0

[Event "III Weekend Accademia"]
[Site "Roma ITA"]
[Date "1998.??.??"]
[Round "6"]
[White "Trebeschi, Andrea"]
[Black "Piacentini, Carlo"]
[Result "1-0"]
[WhiteElo "1759"]
[BlackElo "1650"]
[PlyCount "47"]
[EventDate "1998.??.??"]

1. e4 e5 2. Nf3 Nc6 3. Bb5 a6 4. Ba4 Nf6 5. d3 b5 6. Bb3 Bb7 7. Qe2 Nd4 8. Nxd4
exd4 9. O-O Bc5 10. Bg5 h6 11. Bh4 g5 12. Bg3 Bb6 13. Nd2 Qe7 14. f4 g4 15. Bh4
O-O-O 16. e5 Rde8 17. Rae1 Rhg8 18. Bxf6 Qf8 19. Qd1 Ba5 20. Re2 Bxd2 21. Qxd2
c5 22. c3 c4 23. dxc4 dxc3 24. Qxc3 1-0

[Event "III Weekend Accademia"]
[Site "Roma ITA"]
[Date "1998.??.??"]
[Round "6"]
[White "Vannelli, Vittorio"]
[Black "Spano' Cuomo, Gaetano"]
[Result "1/2-1/2"]
[WhiteElo "1735"]
[BlackElo "1866"]
[PlyCount "83"]
[EventDate "1998.??.??"]

1. e4 e5 2. Nf3 Nc6 3. Bb5 Nf6 4. O-O d6 5. Nc3 Bd7 6. d4 Nxd4 7. Bxd7+ Nxd7 8.
Nxd4 exd4 9. Qxd4 Qf6 10. Qxf6 Nxf6 11. Re1 Be7 12. e5 dxe5 13. Rxe5 Ng4 14.
Re2 Kd7 15. Bf4 Rae8 16. Rae1 c6 17. Bb8 Bc5 18. Rxe8 Rxe8 19. Rxe8 Kxe8 20.
Ne4 Bb6 21. h3 Nh6 22. c4 f5 23. Ng5 Nf7 24. Ne6 g6 25. c5 Ba5 26. Bxa7 Ke7 27.
Nd4 Bc7 28. b4 Kf6 29. a4 Ke5 30. Nxc6+ bxc6 31. b5 cxb5 32. axb5 Kd5 33. b6
Be5 34. b7 Nd8 35. b8=Q Bxb8 36. Bxb8 Kxc5 37. Be5 Kd5 38. Bf6 Nc6 39. f3 f4
40. Kf2 Nd4 41. g3 fxg3+ 42. Kxg3 1/2-1/2

[Event "III Weekend Accademia"]
[Site "Roma ITA"]
[Date "1998.??.??"]
[Round "6"]
[White "Vigile, Matteo"]
[Black "Monteleone, Antonio"]
[Result "0-1"]
[WhiteElo "1774"]
[BlackElo "2165"]
[PlyCount "60"]
[EventDate "1998.??.??"]

1. e4 e6 2. Qe2 c5 3. Nf3 Nc6 4. g3 g6 5. Bg2 Bg7 6. Nc3 Nge7 7. d3 h6 8. Be3
Nd4 9. Bxd4 cxd4 10. Nd1 Nc6 11. O-O d6 12. Nd2 O-O 13. f4 Bd7 14. Nf3 Qc7 15.
Kh1 Rac8 16. c4 f5 17. exf5 exf5 18. Nf2 Rce8 19. Qd2 Qa5 20. Qxa5 Nxa5 21.
Rfe1 Re3 22. Nh4 Kh7 23. Bd5 Rfe8 24. Ng2 Re2 25. b4 Nxc4 26. dxc4 Rxf2 27.
Rxe8 Bxe8 28. Bxb7 d3 29. Rd1 Ba4 30. Rg1 Bd4 0-1

[Event "III Weekend Accademia"]
[Site "Roma ITA"]
[Date "1998.??.??"]
[Round "7"]
[White "Barletta, Antonio"]
[Black "Marta, Daniele"]
[Result "1/2-1/2"]
[WhiteElo "1866"]
[BlackElo "1888"]
[PlyCount "56"]
[EventDate "1998.??.??"]

1. e4 e6 2. d4 d5 3. Nd2 Nf6 4. e5 Nfd7 5. Bd3 c5 6. c3 Nc6 7. Ne2 cxd4 8. cxd4
f6 9. exf6 Nxf6 10. O-O Bd6 11. Nf3 Qc7 12. Nc3 a6 13. Re1 O-O 14. Bg5 Bd7 15.
Bh4 Rae8 16. Rc1 Nh5 17. Ng5 Nf6 18. Nf3 Nh5 19. Ne5 Nf4 20. Bb1 Nxe5 21. dxe5
Bxe5 22. Nxd5 Qd6 23. Nxf4 Rxf4 24. Qxd6 Bxd6 25. Bg3 Rd4 26. Bxd6 Rxd6 27.
Rcd1 Rxd1 28. Rxd1 Bc6 1/2-1/2

[Event "III Weekend Accademia"]
[Site "Roma ITA"]
[Date "1998.??.??"]
[Round "7"]
[White "Cattarinich, Benedetto"]
[Black "Trebeschi, Andrea"]
[Result "1/2-1/2"]
[WhiteElo "1702"]
[BlackElo "1759"]
[PlyCount "80"]
[EventDate "1998.??.??"]

1. d4 Nf6 2. c4 g6 3. Nc3 Bg7 4. e4 d6 5. Nf3 O-O 6. Be2 Nbd7 7. O-O e5 8. d5
a5 9. Qc2 Nc5 10. b3 Bd7 11. Rb1 b6 12. Nd2 Ne8 13. a3 f5 14. b4 Nxe4 15. Ndxe4
fxe4 16. Nxe4 Nf6 17. Bf3 Nxe4 18. Bxe4 Rf7 19. Be3 Qf8 20. c5 Bh6 21. Rfe1
axb4 22. cxd6 Bxe3 23. Rxe3 cxd6 24. axb4 Rc8 25. Qe2 Bf5 26. Bxf5 Rxf5 27. f3
Rf7 28. Ra3 Rfc7 29. Qe3 Qf4 30. Qxf4 exf4 31. Ra6 Rb8 32. Re1 Rc4 33. Re6 Rxb4
34. Rxd6 Rd4 35. Ra7 b5 36. Rdd7 b4 37. Rg7+ Kf8 38. Rgf7+ Kg8 39. Rg7+ Kf8 40.
Rxh7 Kg8 1/2-1/2

[Event "III Weekend Accademia"]
[Site "Roma ITA"]
[Date "1998.??.??"]
[Round "7"]
[White "Farina, Saverio"]
[Black "Scacco, Mauro"]
[Result "0-1"]
[WhiteElo "2200"]
[BlackElo "2050"]
[PlyCount "119"]
[EventDate "1998.??.??"]

1. d4 Nf6 2. c4 d6 3. Nc3 e5 4. e3 Nc6 5. Be2 Be7 6. Nf3 O-O 7. O-O Re8 8. d5
Nb8 9. c5 dxc5 10. Nxe5 a6 11. a4 Bf8 12. Nc4 Nbd7 13. Bf3 Ne5 14. Nxe5 Rxe5
15. e4 Bd6 16. Re1 Re8 17. Be3 Rb8 18. Qd2 b5 19. axb5 axb5 20. Bf4 Nd7 21. Bg5
f6 22. Bh4 Ne5 23. Be2 Bd7 24. f3 b4 25. Nd1 Qe7 26. Ne3 Qf7 27. Bg3 Re7 28.
Nc4 Nxc4 29. Bxc4 Rbe8 30. Bxd6 cxd6 31. Qf4 Re5 32. Ra6 Qe7 33. Rea1 f5 34.
exf5 Bxf5 35. h3 Rf8 36. Qd2 h6 37. Ra8 Rxa8 38. Rxa8+ Kh7 39. Ra1 Qh4 40. Bf1
Qg3 41. Bd3 Rxd5 42. Bxf5+ Rxf5 43. Qd3 Qg6 44. Ra6 Rf6 45. Qb3 Qf5 46. Kf2 Qe5
47. Qd3+ Rg6 48. Qc2 Qd4+ 49. Kf1 c4 50. g4 b3 51. Qe2 Rf6 52. Kg2 Qd3 53.
Qxd3+ cxd3 54. Kf2 Re6 55. Kf1 Kg6 56. f4 Rf6 57. f5+ Kg5 58. Ke1 Kh4 59. Ra3
Kxh3 60. Rxb3 {...} 0-1

[Event "III Weekend Accademia"]
[Site "Roma ITA"]
[Date "1998.??.??"]
[Round "7"]
[White "Iatrino, Vincenzo"]
[Black "Gardon, Ermanno"]
[Result "1/2-1/2"]
[WhiteElo "1740"]
[BlackElo "1818"]
[PlyCount "125"]
[EventDate "1998.??.??"]

1. e4 e6 2. d4 c5 3. Nf3 cxd4 4. Nxd4 Nf6 5. Bd3 Nc6 6. Be3 Be7 7. Nxc6 dxc6 8.
O-O e5 9. h3 O-O 10. Nd2 Be6 11. Qe2 Bd6 12. Bg5 h6 13. Bh4 Be7 14. Nc4 Nd7 15.
Bg3 f6 16. Ne3 Qe8 17. Bc4 Bxc4 18. Qxc4+ Qf7 19. Qe2 Rfd8 20. Nf5 Kh7 21. Rad1
Nf8 22. Qg4 Ne6 23. c3 g6 24. Nh4 Ng7 25. f4 exf4 26. Bf2 g5 27. Nf5 Qe6 28.
Nxe7 Qxe7 29. Rfe1 Rxd1 30. Qxd1 Rd8 31. Qc2 Kg8 32. Bxa7 Qe6 33. Bb6 Rd7 34.
a3 Nf5 35. Qf2 Ng3 36. Bd4 h5 37. e5 f5 38. h4 Ne4 39. Qf3 c5 40. Bf2 Rd2 41.
Rxe4 fxe4 42. Qxe4 Rd5 43. hxg5 Kg7 44. Qxf4 Qxe5 45. Qxe5+ Rxe5 46. b4 b6 47.
bxc5 bxc5 48. a4 Kg6 49. a5 c4 50. a6 Ra5 51. a7 Kxg5 52. Be3+ Kg4 53. Kf2 Ra2+
54. Kg1 h4 55. Bf2 Kf4 56. Bd4 Kg4 57. Bf2 h3 58. gxh3+ Kxh3 59. Kf1 Kg4 60.
Ke1 Kf3 61. Bd4 Ke4 62. Kd1 Kd3 63. Kc1 1/2-1/2

[Event "III Weekend Accademia"]
[Site "Roma ITA"]
[Date "1998.??.??"]
[Round "7"]
[White "Lantini, Marco"]
[Black "Teodorescu, Florin Cornel"]
[Result "1-0"]
[WhiteElo "2180"]
[BlackElo "2235"]
[PlyCount "49"]
[EventDate "1998.??.??"]

1. e4 d6 2. d4 e5 3. Nf3 Nd7 4. Bc4 Be7 5. dxe5 Nxe5 6. Nxe5 dxe5 7. Qh5 g6 8.
Qxe5 Nf6 9. Bh6 Qd6 10. Qxd6 cxd6 11. Nc3 Be6 12. Bb5+ Kd8 13. Bf4 a6 14. Be2
b5 15. e5 dxe5 16. Bxe5 Re8 17. Bf3 Rc8 18. O-O-O+ Nd7 19. Bb7 b4 20. Ne4 Rc4
21. b3 Rxe4 22. Bxe4 Kc8 23. Bc6 Bg4 24. Bxd7+ Bxd7 25. Bd6 1-0

[Event "III Weekend Accademia"]
[Site "Roma ITA"]
[Date "1998.??.??"]
[Round "7"]
[White "Marzano, Carlo"]
[Black "Chiaretti, Roberto"]
[Result "1/2-1/2"]
[WhiteElo "2185"]
[BlackElo "2180"]
[PlyCount "25"]
[EventDate "1998.??.??"]

1. d4 e6 2. Nf3 d5 3. Bg5 Be7 4. Bxe7 Qxe7 5. c4 Nf6 6. Nc3 c6 7. e3 Nbd7 8.
Qc2 O-O 9. Rd1 a6 10. a3 b5 11. cxb5 cxb5 12. Bd3 Bb7 13. O-O 1/2-1/2

[Event "III Weekend Accademia"]
[Site "Roma ITA"]
[Date "1998.??.??"]
[Round "7"]
[White "Mastroddi, Emiliano"]
[Black "Russi, Roberto"]
[Result "1-0"]
[WhiteElo "1780"]
[BlackElo "1780"]
[PlyCount "107"]
[EventDate "1998.??.??"]

1. d4 f5 2. g3 Nf6 3. Bg2 g6 4. c3 Bg7 5. Qb3 c6 6. Nf3 Qb6 7. Nbd2 Qxb3 8.
Nxb3 d6 9. O-O O-O 10. Re1 Nbd7 11. Nbd2 d5 12. Ng5 Nb6 13. b3 h6 14. Ngf3 Nbd7
15. Ba3 Rf7 16. Rac1 Ne4 17. e3 e5 18. c4 Nxd2 19. Nxd2 e4 20. cxd5 cxd5 21.
Rc7 Nb6 22. Rec1 Bf6 23. Rxf7 Kxf7 24. Bc5 Nd7 25. Ba3 Be7 26. Bxe7 Kxe7 27.
Bf1 a6 28. a4 b6 29. Rc6 Bb7 30. Rxg6 Rc8 31. Bh3 Rc1+ 32. Nf1 a5 33. Bxf5 Ba6
34. Bh3 h5 35. Rg7+ Kd6 36. Rxd7+ Kc6 37. Rh7 Be2 38. Rh6+ Kc7 39. Rh7+ Kc6 40.
Rh8 Kd6 41. Rd8+ Ke7 42. Rxd5 Rb1 43. Re5+ Kd8 44. Rxe4 Rxb3 45. f4 b5 46. d5
b4 47. d6 Rd3 48. d7 Bg4 49. Bxg4 hxg4 50. Rd4 Ra3 51. f5 Rc3 52. f6 Rc6 53. f7
Rf6 54. Rf4 1-0

[Event "III Weekend Accademia"]
[Site "Roma ITA"]
[Date "1998.??.??"]
[Round "7"]
[White "Mogranzini, Roberto"]
[Black "Vannelli, Vittorio"]
[Result "1/2-1/2"]
[WhiteElo "1870"]
[BlackElo "1735"]
[PlyCount "57"]
[EventDate "1998.??.??"]

1. e4 c5 2. Nf3 Nc6 3. d4 cxd4 4. Nxd4 e5 5. Nb5 d6 6. N1c3 a6 7. Na3 Nf6 8.
Bg5 Be6 9. Nc4 b5 10. Ne3 Nd4 11. Bxf6 gxf6 12. Ncd5 f5 13. Bd3 f4 14. Ng4 Bxd5
15. exd5 h5 16. c3 hxg4 17. cxd4 Qh4 18. dxe5 g3 19. Qe2 f3 20. Qxf3 Qb4+ 21.
Kf1 Rxh2 22. Rxh2 gxh2 23. Qh3 Qd2 24. Be4 Qd4 25. Re1 Qc4+ 26. Re2 Qc1+ 27.
Re1 Qc4+ 28. Re2 Qc1+ 29. Re1 1/2-1/2

[Event "III Weekend Accademia"]
[Site "Roma ITA"]
[Date "1998.??.??"]
[Round "7"]
[White "Moroni, Marco"]
[Black "Palamides, Carmine"]
[Result "1-0"]
[WhiteElo "1731"]
[BlackElo "1800"]
[PlyCount "63"]
[EventDate "1998.??.??"]

1. e4 e6 2. d4 d5 3. Nd2 Nf6 4. e5 Nfd7 5. Bd3 c5 6. c3 Nc6 7. Ne2 cxd4 8. cxd4
Qb6 9. O-O Nxd4 10. Nxd4 Qxd4 11. Nf3 Qb6 12. Qa4 Qb4 13. Qc2 g6 14. a3 Qc5 15.
Qa4 Bg7 16. Be3 Qe7 17. Bg5 f6 18. exf6 Bxf6 19. Bxf6 Qxf6 20. Bb5 a6 21. Bxd7+
Bxd7 22. Qb4 Bc6 23. Rfe1 Kf7 24. Ne5+ Kg7 25. Nxc6 bxc6 26. Qb7+ Qf7 27. Qxc6
Rhf8 28. f3 Rfe8 29. Rac1 Rec8 30. Qxe6 Qa7+ 31. Kh1 Qe3 32. Rc7+ 1-0

[Event "III Weekend Accademia"]
[Site "Roma ITA"]
[Date "1998.??.??"]
[Round "7"]
[White "Naumkin, Igor"]
[Black "Lagumina, Giulio"]
[Result "1/2-1/2"]
[WhiteElo "2435"]
[BlackElo "2275"]
[PlyCount "40"]
[EventDate "1998.??.??"]

1. d4 d5 2. c4 e6 3. Nc3 c6 4. e3 Nf6 5. Nf3 Nbd7 6. Qc2 Bd6 7. Bd3 O-O 8. O-O
dxc4 9. Bxc4 Qe7 10. h3 c5 11. dxc5 Bxc5 12. e4 Bd6 13. Be3 b6 14. Nd4 Bb7 15.
f4 Rac8 16. Bd3 Bc5 17. e5 Nd5 18. Nxd5 Bxd5 19. Qe2 Rfd8 20. Ba6 Be4 1/2-1/2